000 01193nam a2200289Ia 4500
999 _c47198
_d47198
001 14058
003 GE_BSU
005 20241024174523.0
008 181216s2012||||ge |||||||||||||| ||geo||
020 _a9789941197130
040 _cGE_BSU
041 _ageo
080 _a821.353.1-1 წ-395
100 _aწერეთელი, აკაკი
_923519
245 _aპოეზია : ტ. 2 :
_bხუთტომეული /
_cსარედ. ჯგუფი : ზურაბ აბაშიძე, მანანა ჯანელიძე, ირმა ხარშილაძე.
264 _aთბილისი :
_bპალიტრა L,
_c2012.
300 _a400 გვ. ;
_c20 სმ.
490 _aჩემი რჩეული
_vტ. 62
541 _h8ლ.
653 _aპოეზია
653 _aხუთტომეული
653 _aტ. 2
700 _aაბაშიძე, ზურაბ
_eრედაქტორი
_91322
700 _aჯანელიძე, მანანა
_eრედაქტორი
_91323
700 _aხარჩილავა, ირმა
_eრედაქტორი
_923520
942 _cBK
_2udc